[Event "Druzynowe Mistrzostwa Polski - I Liga 2018"]
[Site "Pokrzywna"]
[Date "1899-12-30"]
[Round "3.17"]
[White "Miturova, Magdalena"]
[Black "Cieslak, Wiktoria"]
[Result "1-0"]
[WhiteTitle "WIM"]
[BlackTitle "k++"]
[WhiteElo "2204"]
[BlackElo "2065"]

1. Nf3 Nf6 2. e3 d5 3. b3 g6 4. Bb2 Bg7 5. Be2 O-O 6. O-O c5 7. d4 Nbd7 8. Nbd2
b6 9. c4 Bb7 10. Qc2 Rc8 11. Rac1 dxc4 12. bxc4 e6 13. Qb1 Qc7 14. Ne5 cxd4 15.
Nxd7 Nxd7 16. exd4 Qf4 17. Qd3 Rfd8 18. Qe3 Qxe3 19. fxe3 Bh6 20. Kf2 Nc5 21.
Rfd1 Ne4+ 22. Nxe4 Bxe4 23. Bf3 Bxf3 24. Kxf3 Rd7 25. Rc2 Bf8 26. Rdc1 Rdc7 27.
Ke4 f6 28. Kd3 Bd6 29. g3 Kg7 30. Rf2 e5 31. Rcf1 e4+ 32. Kxe4 f5+ 33. Kd3 Rxc4
34. e4 fxe4+ 35. Kxe4 Rc2 36. Kd5 Rxf2 37. Rxf2 Be7 38. Ke6 Bg5 39. d5+ Kg8 40.
d6 Re8+ 41. Kd7 Re1 42. Kc7 Rd1 43. h4 Be3 44. Re2 Bc5 45. d7 Bd6+ 46. Kc8 Bxg3
47. Re4 h6 48. d8=Q+ Rxd8+ 49. Kxd8 g5 50. hxg5 hxg5 51. Bc1 Bh4 52. Rg4 Kf7 53.
Bxg5 Be1 54. Re4 Bc3 55. Be3 1-0

[Event "Druzynowe Mistrzostwa Polski - I Liga 2018"]
[Site "Pokrzywna"]
[Date "1899-12-30"]
[Round "3.18"]
[White "Chojnacki, Krzysztof"]
[Black "Jaracz, Pawel"]
[Result "1/2-1/2"]
[WhiteTitle "IM"]
[BlackTitle "GM"]
[WhiteElo "2362"]
[BlackElo "2453"]

1. d4 Nf6 2. c4 e6 3. Nc3 Bb4 4. e3 O-O 5. Nge2 c6 6. a3 Ba5 7. Bd2 d5 8. Ng3 Nbd7
9. cxd5 exd5 10. Be2 Bc7 11. O-O a6 12. Rc1 Re8 13. Qc2 h5 14. f4 h4 15. Nf5 h3
16. Rf3 Ne4 17. Nxe4 Rxe4 18. Rg3 g6 19. Nh6+ Kg7 20. Nf5+ Kg8 21. Nh6+ Kg7 22.
Nf5+ 1/2-1/2

[Event "Druzynowe Mistrzostwa Polski - I Liga 2018"]
[Site "Pokrzywna"]
[Date "1899-12-30"]
[Round "3.19"]
[White "Maksimenko, Andrei"]
[Black "Musialkiewicz, Pawel"]
[Result "1-0"]
[WhiteTitle "GM"]
[BlackTitle "FM"]
[WhiteElo "2483"]
[BlackElo "2247"]

1. e4 e6 2. d4 d5 3. Nd2 Nf6 4. e5 Nfd7 5. Bd3 c5 6. c3 Nc6 7. Ne2 cxd4 8. cxd4
f6 9. exf6 Qxf6 10. Nf3 Bb4+ 11. Bd2 O-O 12. O-O Bxd2 13. Qxd2 e5 14. dxe5 Ndxe5
15. Nxe5 Nxe5 16. Nd4 Kh8 17. Rad1 Bd7 18. Be2 Rad8 19. b3 a6 20. Qb4 Qg6 21.
Rfe1 Bh3 22. Bf1 Nc6 23. Qb6 Rd6 24. Nxc6 bxc6 25. Qxa6 Qf5 26. Qe2 Rg6 27. Rd3
Bg4 28. f3 Bh5 29. Qe5 Qh3 30. g4 Qh4 31. Bg2 Bxg4 32. fxg4 Qf2+ 33. Kh1 Rxg4
34. Rg3 Rxg3 35. hxg3 Qxa2 36. Rf1 Ra8 37. Qd6 h6 38. Qxc6 Rd8 39. Bxd5 Qe2 40.
Bg2 1-0

[Event "Druzynowe Mistrzostwa Polski - I Liga 2018"]
[Site "Pokrzywna"]
[Date "1899-12-30"]
[Round "3.20"]
[White "Musialkiewicz, Jan"]
[Black "Simantsev, Mikhail"]
[Result "0-1"]
[WhiteTitle "k+"]
[BlackTitle "GM"]
[WhiteElo "2244"]
[BlackElo "2445"]

1. e4 c5 2. Nf3 e6 3. c4 Nc6 4. Nc3 Nd4 5. d3 Ne7 6. g3 Nec6 7. Bg2 Be7 8. O-O
O-O 9. Nxd4 cxd4 10. Ne2 Rb8 11. f4 b5 12. b3 a5 13. g4 bxc4 14. bxc4 e5 15. Ng3
g6 16. g5 exf4 17. Bxf4 d6 18. Qd2 Ne5 19. Rab1 Bg4 20. h3 Bd7 21. Rxb8 Qxb8 22.
Ne2 Qb6 23. Nc1 a4 24. Qf2 Be6 25. Qg3 Qc5 26. h4 Rb8 27. Bh3 Bxh3 28. Qxh3 Rb2
29. h5 Bxg5 30. h6 Bxf4 31. Rxf4 Rb1 32. Rf1 Qc7 33. Qh4 Rxc1 34. Qf6 Rxf1+ 35.
Kxf1 Kf8 36. Qg7+ Ke7 37. Qxh7 Qc8 38. Qg7 Qh3+ 39. Kg1 Ng4 0-1

[Event "Druzynowe Mistrzostwa Polski - I Liga 2018"]
[Site "Pokrzywna"]
[Date "1899-12-30"]
[Round "3.21"]
[White "Krysztofiak, Marcin"]
[Black "Bardeli, Lukasz"]
[Result "1-0"]
[WhiteTitle "IM"]
[BlackTitle "FM"]
[WhiteElo "2386"]
[BlackElo "2133"]

1. Nf3 d5 2. d4 Nf6 3. c4 c6 4. Nbd2 Bf5 5. Nh4 Be6 6. e3 Nbd7 7. Be2 g6 8. O-O
Bg7 9. b3 Ne4 10. Qc2 Ndf6 11. Bd3 Nxd2 12. Bxd2 O-O 13. Nf3 a5 14. a4 Qc8 15.
cxd5 cxd5 16. Rfc1 Qd8 17. b4 Rc8 18. Qb2 Qb6 19. Bb5 Bg4 20. bxa5 Qe6 21. Ne5
h5 22. Bb4 Rfd8 23. Rxc8 Rxc8 24. Rc1 Bf8 25. Rxc8 Qxc8 26. Qc3 Qxc3 27. Bxc3
Bc8 28. Bb4 e6 29. Bxf8 Kxf8 30. f3 Ke7 31. Kf2 g5 32. Ke2 Ne8 33. Bxe8 Kxe8 34.
Kd2 f6 35. Nd3 Kd7 36. Kc3 Kc6 37. f4 g4 38. f5 h4 39. Nf4 exf5 40. Ng6 f4 41.
exf4 Kd6 42. Nxh4 Bd7 43. Kb4 Kc6 44. g3 Kd6 45. Ng2 f5 46. Ne1 Kc6 47. Nd3 Be8
48. a6 bxa6 49. Ka5 Kb7 50. Nb4 Bf7 51. Nxa6 Be8 52. Nb4 Bf7 53. Kb5 Be8+ 54.
Kc5 1-0

[Event "Druzynowe Mistrzostwa Polski - I Liga 2018"]
[Site "Pokrzywna"]
[Date "1899-12-30"]
[Round "3.22"]
[White "Raczynski, Krzysztof"]
[Black "Szustakowski, Antoni"]
[Result "1/2-1/2"]
[WhiteTitle "k+"]
[BlackTitle "FM"]
[WhiteElo "2091"]
[BlackElo "2296"]

1. d4 Nf6 2. Bg5 e6 3. e4 h6 4. Bxf6 Qxf6 5. c3 d5 6. Nd2 c5 7. Ngf3 cxd4 8. Nxd4
Nc6 9. Bb5 Bd7 10. O-O Be7 11. Qa4 Rc8 12. exd5 exd5 13. Bxc6 bxc6 14. Qxa7 Qd6
15. Qa6 O-O 16. Qd3 Bf6 17. N4f3 Qf4 18. Nb3 Bf5 19. Qd2 Qd6 20. c4 Be4 21. c5
Qc7 22. Nfd4 Be5 23. g3 Bf6 24. f3 Bg6 25. Rfe1 Ra8 26. Qf4 Qc8 27. a3 Ra4 28.
Qe3 Qb7 29. Rad1 Rc8 30. Qc3 Qa6 31. Kg2 Rc4 32. Qe3 Qa4 33. h4 Bc2 34. Nxc2 Rxc2+
35. Rd2 Rxd2+ 36. Nxd2 Bxb2 37. Qb3 Qxb3 38. Nxb3 Rb8 39. Re3 Bxa3 40. Rd3 Rc8
41. Rd2 Bb4 42. Ra2 Bc3 43. Nc1 Re8 44. Ra6 Re6 45. Nd3 Rf6 46. Ra3 Bd4 47. Ra4
Be3 48. f4 g5 49. hxg5 hxg5 50. Kf3 gxf4 51. gxf4 d4 52. Ke4 Re6+ 53. Kf5 Kg7
54. Ra2 Rg6 55. Rb2 Rf6+ 56. Ke5 1/2-1/2

[Event "Druzynowe Mistrzostwa Polski - I Liga 2018"]
[Site "Pokrzywna"]
[Date "1899-12-30"]
[Round "3.23"]
[White "Harazinska, Magdalena"]
[Black "Szelag, Zuzanna"]
[Result "1/2-1/2"]
[WhiteTitle "k"]
[BlackTitle "k"]
[WhiteElo "2042"]
[BlackElo "2015"]

1. d4 Nf6 2. c4 g6 3. Nc3 Bg7 4. e4 d6 5. Be2 O-O 6. Bg5 c5 7. d5 e6 8. dxe6 Bxe6
9. Nf3 Qb6 10. Qd2 Nc6 11. Rd1 Qb4 12. b3 Nd4 13. Nxd4 cxd4 14. Nb1 Qc5 15. Bd3
Rfe8 16. O-O Ng4 17. h3 Ne5 18. Bh6 Bxh3 19. Bxg7 Kxg7 20. f4 Nxd3 21. Qxd3 Bg4
22. Qxd4+ Kg8 23. Qxc5 dxc5 24. Rde1 Rad8 25. Nc3 Rd4 26. Nd5 Kg7 27. Nc3 Re7
28. Rf2 h5 29. Kh2 a6 30. Re3 Bf5 31. Rfe2 Bg4 32. Rf2 Bf5 33. Rfe2 Bg4 34. Rf2
1/2-1/2

[Event "Druzynowe Mistrzostwa Polski - I Liga 2018"]
[Site "Pokrzywna"]
[Date "1899-12-30"]
[Round "3.24"]
[White "Mroziak, Maciej"]
[Black "Wandzik, Wojciech"]
[Result "1/2-1/2"]
[WhiteTitle "IM"]
[BlackTitle "m"]
[WhiteElo "2386"]
[BlackElo "2417"]

1. e4 c5 2. c3 d5 3. exd5 Qxd5 4. d4 Nf6 5. Nf3 e6 6. Be2 Nc6 7. O-O cxd4 8. cxd4
Be7 9. Nc3 Qd6 10. a3 O-O 11. Be3 b6 12. Rc1 Bb7 13. Qa4 a6 14. Rfd1 b5 15. Qc2
Rac8 16. b4 Qb8 17. Nd2 a5 18. Qb1 axb4 19. axb4 Nxb4 20. Bg5 Bc6 21. Bxf6 gxf6
22. d5 Nxd5 23. Nxd5 Bxd5 24. Bxb5 Qf4 25. Qd3 Rxc1 26. Rxc1 Rd8 27. Qg3+ Qxg3
28. hxg3 Bxg2 29. Kxg2 Rxd2 30. Re1 Kg7 31. Re2 Rd4 32. Rc2 f5 33. Rc7 Kf6 34.
Rc2 Bd6 35. Rc3 Rb4 36. Bd3 Be5 37. Rc2 Rb3 38. Bc4 Ra3 39. Be2 Kg6 40. Bf3 Bd4
41. Re2 Rc3 42. Rd2 Bc5 43. Bd1 Ra3 44. Bc2 h6 45. g4 Kg5 46. gxf5 e5 47. Rd3
Ra2 48. Rg3+ Kf6 49. Rc3 Bd4 50. Rc8 Kg5 51. Kg3 Ra3+ 52. f3 Ra1 53. Rg8+ Kf6
54. Rf8 Rg1+ 55. Kh2 Be3 56. Be4 Rg7 57. Rc8 Kg5 58. Rc2 Kh4 59. Rg2 Bf4+ 60.
Kh1 Bg3 61. f6 Rg5 62. Rc2 Kh3 63. Rg2 Rg8 64. Bd5 Rf8 65. Bc4 Kh4 66. Bd5 Rd8
67. Bxf7 Rd6 68. Bg6 Rxf6 69. Be4 Ra6 70. Rc2 Bf4 71. Kg2 Ra7 72. Rc6 Rd7 73.
Rc2 Rg7+ 74. Kh1 Rg5 75. Rc6 Rg3 76. Rg6 Bg5 77. Kh2 h5 78. Kh1 Rh3+ 79. Kg2 Bf4
80. Kg1 Bh2+ 81. Kg2 Bg3 82. Rg8 Rh2+ 83. Kg1 Ra2 84. Rg7 Bh2+ 85. Kh1 Bf4 86.
Rg2 Ra3 87. Rg7 Bg5 88. Rg8 Ra7 89. Rg6 Rc7 90. Rg8 Rd7 91. Rg6 Ra7 92. Rg8 Be7
93. Rg7 Ra1+ 94. Rg1 Ra2 95. Rg2 Ra1+ 96. Rg1 Rxg1+ 97. Kxg1 Kg3 98. Kh1 1/2-1/2

[Event "Druzynowe Mistrzostwa Polski - I Liga 2018"]
[Site "Pokrzywna"]
[Date "1899-12-30"]
[Round "3.25"]
[White "Lizak, Jakub"]
[Black "Kolago, Marcin"]
[Result "1/2-1/2"]
[WhiteTitle "k"]
[BlackTitle "m"]
[WhiteElo "2168"]
[BlackElo "2356"]

1. e4 e5 2. Nf3 Nc6 3. g3 g6 4. Bg2 Bg7 5. d3 Nge7 6. c3 O-O 7. O-O d5 8. Nbd2
a5 9. exd5 Nxd5 10. Nc4 Re8 11. a4 Bf5 12. Re1 Nb6 13. Nxb6 cxb6 14. Be3 Qxd3
15. Bxb6 Qa6 16. Be3 Rad8 17. Qb3 Be6 18. Qb5 Bc4 19. Qxa6 Bxa6 20. Nd2 Bf8 21.
Nb3 Bc4 22. Bxc6 bxc6 23. Nxa5 Bd5 24. b4 Rb8 25. Rec1 Kg7 26. b5 cxb5 27. axb5
Rec8 28. c4 Be4 29. Ba7 Ra8 30. b6 Bb4 31. Nb3 Rd8 32. Ra4 Bd2 33. Nxd2 Rxd2 34.
c5 Bc6 35. Raa1 Rad8 36. Rab1 R2d7 37. Kf1 Kf6 38. Ke1 Ke6 39. Rd1 Rxd1+ 40. Rxd1
Rxd1+ 41. Kxd1 Kd5 1/2-1/2

[Event "Druzynowe Mistrzostwa Polski - I Liga 2018"]
[Site "Pokrzywna"]
[Date "1899-12-30"]
[Round "3.26"]
[White "Wiewiora, Eneasz"]
[Black "Duda, Lukasz"]
[Result "1/2-1/2"]
[WhiteTitle "FM"]
[BlackTitle "k++"]
[WhiteElo "2355"]
[BlackElo "2201"]

1. e4 e6 2. d4 d5 3. Bd3 Nf6 4. Nd2 c5 5. e5 Nfd7 6. c3 Nc6 7. Ne2 Qb6 8. Nf3 cxd4
9. cxd4 Bb4+ 10. Bd2 Bxd2+ 11. Qxd2 Qb4 12. Rc1 f6 13. Rc3 fxe5 14. Nxe5 Ndxe5
15. dxe5 Nxe5 16. O-O Nxd3 17. Qxd3 O-O 18. Rc7 Qxb2 19. Nd4 Qb6 20. Rfc1 e5 21.
Qg3 Qf6 22. Nc6 Be6 23. Rxb7 e4 24. Qe3 Rf7 25. Rxf7 Qxf7 26. h3 Rc8 27. Nd4 Rxc1+
28. Qxc1 Qd7 29. a4 a5 30. Qc5 Bf7 31. Qxa5 Qc8 32. Qd2 Qc4 33. a5 Be8 34. Qb2
Bd7 35. Qb8+ Kf7 36. Qf4+ Kg8 37. Qd2 h6 38. Qb2 Kf7 39. Qa1 Bc8 40. Kh2 Kg8 41.
Kh1 Kh7 42. Qb2 Kg8 43. Kg1 Kh7 44. Qd2 Kg8 45. f3 exf3 46. Nxf3 Qc5+ 47. Kh1
Qb5 48. Nd4 Qb1+ 49. Kh2 Qb8+ 50. Kg1 Qb1+ 51. Kf2 Ba6 52. Nf3 Qf1+ 53. Kg3 Qb5
54. Qc3 Kh7 55. Qc7 Qd3 56. Kh2 Qe4 57. Qe5 Qc4 58. Nd4 Bc8 59. Nf5 Bxf5 60. Qxf5+
Kh8 61. Qf8+ Kh7 62. Qd6 d4 63. a6 Qa4 64. Kh1 Qa1+ 65. Kh2 Qa4 66. h4 Qa5 67.
Qe6 Qc5 68. Qe4+ Kh8 69. Qa8+ Kh7 70. Qe4+ Kh8 71. Qe8+ Kh7 72. Qe6 Qa5 73. Qd6
Qa4 74. Kh3 Qa5 75. Kh2 Qa4 76. Kh3 Qa5 77. g3 Qf5+ 78. Kg2 Qe4+ 79. Kh2 Qc2+
80. Kh3 1/2-1/2

[Event "Druzynowe Mistrzostwa Polski - I Liga 2018"]
[Site "Pokrzywna"]
[Date "1899-12-30"]
[Round "3.27"]
[White "Gola, Karol"]
[Black "Jaroch, Karol"]
[Result "0-1"]
[WhiteTitle "k"]
[BlackTitle "m"]
[WhiteElo "2214"]
[BlackElo "2201"]

1. e4 e6 2. d4 d5 3. exd5 exd5 4. Nf3 Nc6 5. c3 Bd6 6. Bd3 Nge7 7. O-O Bg4 8. Nbd2
Qd7 9. Re1 O-O-O 10. b4 Ng6 11. b5 Nce7 12. Qa4 Kb8 13. Ne5 Bxe5 14. dxe5 f6 15.
exf6 gxf6 16. Nb3 Ne5 17. Nc5 Qc8 18. Bf4 Nxd3 19. Nxd3 Ng6 20. Be3 b6 21. Nb4
Bd7 22. Nxd5 c6 23. Bf4+ Nxf4 24. Qxf4+ Kb7 25. Ne7 Qc7 26. bxc6+ Bxc6 27. Qxf6
Bb5 28. a4 Bd3 29. a5 Rhf8 30. Qe5 Qd7 31. a6+ Ka8 32. Rad1 Rfe8 33. Re3 Qa4 34.
Qh5 Be2 0-1

[Event "Druzynowe Mistrzostwa Polski - I Liga 2018"]
[Site "Pokrzywna"]
[Date "1899-12-30"]
[Round "3.28"]
[White "Samborski, Henryk"]
[Black "Kalmuk, Krzysztof"]
[Result "1-0"]
[WhiteTitle "k"]
[BlackTitle "I++"]
[WhiteElo "2101"]
[BlackElo "2025"]

1. e4 c5 2. Nf3 Nf6 3. Nc3 Nc6 4. Bb5 Nd4 5. Bd3 g6 6. e5 Nh5 7. Nxd4 cxd4 8. Ne2
d6 9. exd6 Qxd6 10. c3 Bd7 11. O-O Bg7 12. Be4 d3 13. Ng3 Nxg3 14. hxg3 Bc6 15.
Qf3 Rd8 16. b3 O-O 17. Re1 Rfe8 18. Bb2 Bxe4 19. Qxe4 b5 20. Rab1 Qa6 21. a4 bxa4
22. Ra1 Qb6 23. Qxa4 a5 24. Rab1 Rb8 25. Ba3 e6 26. Re3 Red8 27. Qc4 Rbc8 28.
Qe4 Qa6 29. c4 Rd4 30. Qf3 Rcd8 31. Be7 R8d7 32. Bc5 R4d6 33. Bxd6 Qxd6 34. Qa8+
Rd8 35. Qxa5 Bh6 36. f4 Bg7 37. Kf1 Bf6 38. b4 h5 39. Rb3 Qc6 40. Qb5 Qa8 41.
Qa5 Qc6 42. Qc5 Qa6 43. Rexd3 Rc8 44. Qb5 Qa1+ 45. Ke2 Qg1 46. c5 Ra8 47. Ra3
Qxg2+ 48. Kd1 Qf1+ 49. Kc2 Qh1 50. Qc4 Rc8 51. Ra7 Qc6 52. Qa6 Qe8 53. Rdd7 Qf8
54. d4 Bxd4 55. Rxd4 Rxc5+ 56. Rc4 Rxc4+ 57. Qxc4 Qd6 58. Ra8+ Kh7 59. Qc8 1-0

[Event "Druzynowe Mistrzostwa Polski - I Liga 2018"]
[Site "Pokrzywna"]
[Date "1899-12-30"]
[Round "3.29"]
[White "Szydlowska-duda, Marta"]
[Black "Worek, Joanna"]
[Result "0-1"]
[WhiteTitle "k"]
[BlackTitle "WGM"]
[WhiteElo "2001"]
[BlackElo "2295"]

1. d4 Nf6 2. Nf3 b6 3. Bf4 Bb7 4. e3 g6 5. Be2 Bg7 6. c4 d6 7. h3 O-O 8. Nc3 Ne4
9. Rc1 Nxc3 10. Rxc3 Nd7 11. Rd3 Qe8 12. O-O Nf6 13. Bh2 Ne4 14. Nd2 e5 15. Bf3
Nxf2 16. Rxf2 e4 17. Nxe4 Bxe4 18. Bxe4 Qxe4 19. Rf4 Qe6 20. b3 a5 21. Qf3 a4
22. Re4 Qd7 23. b4 b5 24. c5 f5 25. Rf4 dxc5 26. bxc5 g5 27. d5 gxf4 28. c6 Qe7
29. Bxf4 Qe4 30. Qd1 Be5 31. Bh6 Rf6 0-1

[Event "Druzynowe Mistrzostwa Polski - I Liga 2018"]
[Site "Pokrzywna"]
[Date "1899-12-30"]
[Round "4.1"]
[White "Jakubiec, Artur"]
[Black "Wandzik, Wojciech"]
[Result "1/2-1/2"]
[WhiteTitle "GM"]
[BlackTitle "m"]
[WhiteElo "2514"]
[BlackElo "2417"]

1. e4 c5 2. Nf3 e6 3. d4 cxd4 4. Nxd4 Nc6 5. Nc3 Qc7 6. f4 a6 7. Nxc6 Qxc6 8. Bd3
b5 9. Qe2 Bb7 10. Bd2 Be7 11. a3 Bh4+ 12. g3 Be7 13. Rf1 Rc8 14. e5 f5 15. exf6
Nxf6 16. O-O-O O-O 17. f5 Bc5 18. fxe6 Rce8 19. Rf4 Qxe6 20. Qf1 d5 21. Bf5 Qf7
22. Kb1 g5 23. Bxh7+ Kxh7 24. Rf5 Bc8 25. Nxd5 Bxf5 26. Qxf5+ Qg6 27. Nxf6+ Rxf6
28. Qxc5 Rd6 29. h4 Red8 30. Qe3 g4 31. h5 Qf5 32. Qe7+ Kg8 33. h6 Qf7 34. Qe2
Kh7 35. Qe4+ Rg6 36. Kc1 Qd7 37. Qf4 Qd5 38. Re1 Rd7 39. c3 Rf6 40. Qe4+ Qxe4
41. Rxe4 Rf1+ 42. Kc2 Rf2 43. Rd4 Rxd4 44. cxd4 Kg6 45. d5 Rg2 46. d6 Kf7 47.
Kd3 Rxg3+ 48. Ke4 Ke6 49. Kf4 Rg2 50. Bc3 Rh2 51. Bg7 Kxd6 52. Kxg4 1/2-1/2

[Event "Druzynowe Mistrzostwa Polski - I Liga 2018"]
[Site "Pokrzywna"]
[Date "1899-12-30"]
[Round "4.2"]
[White "Lizak, Jakub"]
[Black "Marczuk, Dominik"]
[Result "1/2-1/2"]
[WhiteTitle "k"]
[BlackTitle "k"]
[WhiteElo "2168"]
[BlackElo "2293"]

1. e4 g6 2. d4 Bg7 3. Nc3 d6 4. f4 a6 5. Nf3 b5 6. Bd3 Bb7 7. e5 Nd7 8. Be4 Qc8
9. Qe2 b4 10. Bxb7 Qxb7 11. Ne4 d5 12. Nf2 e6 13. Nd3 Bf8 14. O-O c5 15. f5 gxf5
16. Ng5 Be7 17. Qh5 Bxg5 18. Bxg5 c4 19. Rxf5 exf5 20. e6 Ndf6 21. Bxf6 Nxf6 22.
Qxf5 Qe7 23. exf7+ Kd8 24. Re1 cxd3 25. Rxe7 Kxe7 26. Qe5+ Kxf7 27. Qc7+ Ke6 28.
Qe5+ Kf7 29. Qc7+ Kg6 30. Qg3+ Kf7 31. Qc7+ Ke6 32. Qe5+ Kf7 1/2-1/2

[Event "Druzynowe Mistrzostwa Polski - I Liga 2018"]
[Site "Pokrzywna"]
[Date "1899-12-30"]
[Round "4.3"]
[White "Chmiel, Marcin"]
[Black "Duda, Lukasz"]
[Result "1-0"]
[WhiteTitle "k"]
[BlackTitle "k++"]
[WhiteElo "2237"]
[BlackElo "2201"]

1. c4 e5 2. g3 Nc6 3. Bg2 g6 4. Nc3 Bg7 5. e4 d6 6. Nge2 Be6 7. d3 Qd7 8. Nd5 Nd8
9. d4 c6 10. Ne3 Bh3 11. Bxh3 Qxh3 12. d5 c5 13. Qa4+ Qd7 14. Qxd7+ Kxd7 15. Nc3
Ne7 16. Ke2 f6 17. Bd2 Nf7 18. Rab1 a5 19. a3 b6 20. b4 axb4 21. axb4 Rhb8 22.
Ra1 Nc8 23. Nb5 Nd8 24. h4 Nb7 25. h5 g5 26. h6 Bf8 27. Nf5 cxb4 28. Bxb4 Nc5
29. Bxc5 dxc5 30. f4 gxf4 31. gxf4 Ne7 32. Nxe7 Kxe7 33. fxe5 fxe5 34. Rhf1 Rxa1
35. Rxa1 Bxh6 36. Rh1 Bg7 37. Rxh7 Kf6 38. Nc7 Kg6 39. Rh3 Bh6 40. Ne6 Ra8 41.
Rb3 Ra2+ 42. Kd3 Kh5 43. Rxb6 Ra3+ 44. Kc2 Be3 45. Rb3 Ra2+ 46. Kb1 Re2 47. d6
Bf2 48. d7 Bh4 49. Rh3 1-0

[Event "Druzynowe Mistrzostwa Polski - I Liga 2018"]
[Site "Pokrzywna"]
[Date "1899-12-30"]
[Round "4.4"]
[White "Gola, Karol"]
[Black "Gbyl, Andrzej"]
[Result "1/2-1/2"]
[WhiteTitle "k"]
[BlackTitle "k+"]
[WhiteElo "2214"]
[BlackElo "2248"]

1. e4 e6 2. d4 d5 3. exd5 exd5 4. Nf3 Nc6 5. c3 Bd6 6. Bd3 Nge7 7. O-O Bg4 8. Re1
Qd7 9. Nbd2 f6 10. b4 O-O 11. a3 Rae8 12. Nf1 Ng6 13. Ne3 Be6 14. Qc2 Nce7 15.
c4 c6 16. c5 Bb8 17. a4 Kh8 18. b5 Nf4 19. Bf1 Bf7 20. Kh1 Bh5 21. Ng1 Nf5 22.
Bb2 Nh4 23. g3 Bf3+ 24. Nxf3 Nxf3 25. gxf4 Nxe1 26. Rxe1 g5 27. Bc3 Re4 28. Ng2
Rxe1 29. Bxe1 Qh3 30. Qd3 Qh5 31. Qf5 Qh6 32. f3 Qg7 33. Bg3 h5 34. h4 Rg8 35.
Bd3 Qe7 36. Kh2 Rg7 37. bxc6 bxc6 38. Qc8+ Rg8 39. Qxc6 gxf4 40. Bf2 Qg7 41. Ne1
Qf7 42. Bf5 Re8 43. Qd7 Re7 44. Qc8+ Re8 45. Qd7 Re7 46. Qc8+ Re8 47. Qd7 Re7
48. Qb5 Re8 1/2-1/2

[Event "Druzynowe Mistrzostwa Polski - I Liga 2018"]
[Site "Pokrzywna"]
[Date "1899-12-30"]
[Round "4.5"]
[White "Bukojemski, Adam"]
[Black "Kalmuk, Krzysztof"]
[Result "1-0"]
[WhiteTitle "k"]
[BlackTitle "I++"]
[WhiteElo "2222"]
[BlackElo "2025"]

1. e4 c5 2. Nf3 e6 3. c3 Nf6 4. Bd3 Nc6 5. O-O Qc7 6. Qe2 d6 7. a4 Be7 8. Na3 O-O
9. Bc2 a6 10. d4 e5 11. h3 Re8 12. d5 Nb8 13. Nh2 Nbd7 14. Nc4 b6 15. Ng4 Rb8
16. Nce3 Nf8 17. g3 b5 18. Kg2 Bd7 19. a5 Qc8 20. Rh1 Nxe4 21. Bxe4 f5 22. Bc2
fxg4 23. hxg4 g6 24. Be4 Bg5 25. f3 Qd8 26. Kg1 Qf6 27. Nd1 Bxc1 28. Rxc1 Qg5
29. Ra1 Re7 30. Qe3 Qxe3+ 31. Nxe3 Be8 32. b3 g5 33. Nf5 Rd7 34. Nh6+ Kg7 35.
Ra2 Bg6 36. Rah2 Rbb7 37. Nf5+ Kg8 38. Rh6 Rd8 39. Kf2 Rf7 40. Kg2 Rb7 41. R1h5
Bxh5 42. gxh5 Rbd7 43. Kh3 b4 44. c4 Kf7 45. Kg4 Kg8 46. Kxg5 Kf7 47. Rf6+ Kg8
48. Rh6 Kf7 49. g4 Kg8 50. Kh4 Kf7 51. g5 Kg8 52. Kg4 Kf7 53. Ng3 Kg7 54. Bf5
Rf7 55. Ne4 Nd7 56. Rxd6 1-0

[Event "Druzynowe Mistrzostwa Polski - I Liga 2018"]
[Site "Pokrzywna"]
[Date "1899-12-30"]
[Round "4.6"]
[White "Szydlowska-duda, Marta"]
[Black "Jakubiec, Edyta"]
[Result "0-1"]
[WhiteTitle "k"]
[BlackTitle "WIM"]
[WhiteElo "2001"]
[BlackElo "2153"]

1. d4 d6 2. Nf3 g6 3. e4 Nf6 4. Bd3 Bg7 5. c3 O-O 6. Bg5 c5 7. d5 e6 8. dxe6 Bxe6
9. O-O h6 10. Bh4 Nc6 11. Nbd2 Re8 12. Re1 Rb8 13. a4 a6 14. Qc2 b5 15. axb5 axb5
16. Ra6 Qc7 17. Bg3 c4 18. Bf1 Nh5 19. Nd4 Nxd4 20. cxd4 Nxg3 21. hxg3 Bxd4 22.
Nf3 Bg7 23. Qd2 Rb6 24. Qa5 Reb8 25. Ra7 Qc5 26. Re2 Rc6 27. Ra8 Rxa8 28. Qxa8+
Rc8 29. Qa6 b4 30. Rc2 b3 31. Rc1 Bxb2 0-1

[Event "Druzynowe Mistrzostwa Polski - I Liga 2018"]
[Site "Pokrzywna"]
[Date "1899-12-30"]
[Round "4.7"]
[White "Jaracz, Pawel"]
[Black "Mroziak, Maciej"]
[Result "1-0"]
[WhiteTitle "GM"]
[BlackTitle "IM"]
[WhiteElo "2453"]
[BlackElo "2386"]

1. e4 c6 2. d4 d5 3. Nc3 dxe4 4. Nxe4 Bf5 5. Ng3 Bg6 6. Nh3 e6 7. Nf4 Bd6 8. c3
Ne7 9. Nxg6 hxg6 10. Ne4 Qc7 11. g3 Nd7 12. Qb3 Nf6 13. Qxb7 Rb8 14. Qxc7 Bxc7
15. Nc5 Bd6 16. Nd3 Nd7 17. Bg2 e5 18. dxe5 Nxe5 19. Nxe5 Bxe5 20. O-O O-O 21.
Re1 Bf6 22. g4 Nd5 23. g5 Bd8 24. c4 Nc7 25. Bxc6 Ne6 26. b3 Bb6 27. Ba3 Rfd8
28. Rad1 Nd4 29. Bd5 Nc2 30. Be7 Nxe1 31. Bxd8 Rxd8 32. Rxe1 Bc5 33. Kg2 Kf8 34.
Re4 Re8 35. Rf4 Re7 36. Kf1 a5 37. Rh4 Re8 38. Rh3 Bb4 39. Rh8+ Ke7 40. Rh4 Kf8
41. Rf4 Re7 42. h4 Ke8 43. Kg2 Bc5 44. Kf3 Bb6 45. Kg4 Bc5 46. Rf3 Kf8 47. h5
gxh5+ 48. Kxh5 Ke8 49. Kg4 Bb6 50. Bc6+ Kd8 51. Bd5 Ke8 52. Rf5 Rc7 53. Kf3 Bc5
54. Ke2 Ba3 55. Kd3 Bb4 56. Rf4 Re7 57. Kd4 Bd2 58. Rf5 g6 59. Bc6+ Kd8 60. Rb5
Be1 61. f3 Bf2+ 62. Kd3 Be1 63. a3 Kc7 64. Bd5 Kd6 65. Rb6+ Kd7 66. b4 axb4 67.
axb4 Bg3 68. Rb7+ Kd8 69. Rxe7 Kxe7 70. c5 Bf4 71. b5 Bxg5 72. b6 Bh4 73. c6 Bf2
74. c7 1-0

[Event "Druzynowe Mistrzostwa Polski - I Liga 2018"]
[Site "Pokrzywna"]
[Date "1899-12-30"]
[Round "4.8"]
[White "Kolago, Marcin"]
[Black "Maksimenko, Andrei"]
[Result "1/2-1/2"]
[WhiteTitle "m"]
[BlackTitle "GM"]
[WhiteElo "2356"]
[BlackElo "2483"]

1. e4 e6 2. d3 d5 3. Nd2 c5 4. Ngf3 Nc6 5. g3 Bd6 6. Bg2 Nge7 7. O-O O-O 8. Re1
Qc7 9. Nf1 dxe4 10. dxe4 Rd8 11. Bd2 Nd4 12. Ne3 Nxf3+ 13. Bxf3 Nc6 14. Nc4 Ne5
15. Nxe5 Bxe5 16. c3 c4 17. Qc2 Bd6 18. Be3 e5 19. Red1 Be6 20. Rd2 a6 21. Rad1
Be7 22. Rxd8+ Rxd8 23. Rxd8+ Qxd8 24. Qd1 Qa5 25. a3 Qb5 26. Qd2 Qc6 27. Bg2 f6
28. f4 Qd7 29. Qxd7 Bxd7 30. f5 b5 1/2-1/2

[Event "Druzynowe Mistrzostwa Polski - I Liga 2018"]
[Site "Pokrzywna"]
[Date "1899-12-30"]
[Round "4.9"]
[White "Simantsev, Mikhail"]
[Black "Wiewiora, Eneasz"]
[Result "0-1"]
[WhiteTitle "GM"]
[BlackTitle "FM"]
[WhiteElo "2445"]
[BlackElo "2355"]

1. d4 d5 2. c4 e6 3. Nc3 Nf6 4. Nf3 a6 5. cxd5 exd5 6. Bg5 Be6 7. e3 Nbd7 8. Bd3
h6 9. Bf4 Be7 10. h3 Rc8 11. O-O O-O 12. Rc1 Re8 13. Bb1 c5 14. dxc5 Nxc5 15.
Nd4 Bd6 16. Nde2 Bxf4 17. Nxf4 Qb6 18. b3 Rcd8 19. Qd4 Ncd7 20. Nce2 Rc8 21. Rfd1
Kf8 22. Qb2 Kg8 23. Nd4 Rc5 24. Rxc5 Nxc5 25. Rc1 Bd7 26. Nf5 Bxf5 27. Bxf5 Ne6
28. Bxe6 fxe6 29. Qe5 Kf7 30. g4 Re7 31. h4 Qd8 32. Kg2 Ne4 33. g5 Qd6 34. g6+
Ke8 35. Nd3 Qxe5 36. Nxe5 Nd6 37. h5 Kd8 38. Kh3 Rc7 39. Rd1 Rc2 40. f3 Ke7 41.
e4 dxe4 42. fxe4 Rxa2 43. Rc1 Nxe4 44. Nf3 Kd7 45. Rd1+ Nd6 46. Ne5+ Ke7 47. Rc1
Ra5 48. Rc7+ Kd8 49. Rd7+ Ke8 50. Rxd6 Rxe5 51. Kg4 Ke7 52. Rd4 Rg5+ 53. Kh4 Rd5
54. Rf4 Rd7 55. Kg4 e5 56. Rf7+ Ke6 57. Rf8 Rd4+ 58. Kg3 Rd3+ 59. Kg4 Rd4+ 60.
Kg3 Rd7 61. Kf3 Rd1 62. Ke4 Re1+ 63. Kd3 Rh1 64. Rf7 Rxh5 65. Rxg7 Rg5 66. Rxb7
Rxg6 67. Ke4 Rg4+ 68. Kf3 h5 69. Rb6+ Kf5 70. Rxa6 Rb4 71. Rh6 Rxb3+ 72. Kg2 Kg4
73. Rg6+ Kf4 74. Rf6+ Kg5 75. Re6 Rb5 76. Kf3 Kf5 77. Rh6 e4+ 78. Kg3 Kg5 79.
Re6 h4+ 80. Kg2 Rb2+ 81. Kg1 Kf4 82. Rf6+ Kg3 83. Rg6+ Kf3 84. Rf6+ Kg4 85. Re6
Rb4 86. Kf2 h3 87. Rg6+ Kf5 88. Rh6 Rb2+ 89. Kg1 e3 90. Kf1 h2 0-1

[Event "Druzynowe Mistrzostwa Polski - I Liga 2018"]
[Site "Pokrzywna"]
[Date "1899-12-30"]
[Round "4.10"]
[White "Jaroch, Karol"]
[Black "Krysztofiak, Marcin"]
[Result "1/2-1/2"]
[WhiteTitle "m"]
[BlackTitle "IM"]
[WhiteElo "2201"]
[BlackElo "2386"]

1. e4 c6 2. d4 d5 3. exd5 cxd5 4. c4 Nf6 5. Nc3 e6 6. Nf3 Bb4 7. Bd3 O-O 8. O-O
dxc4 9. Bxc4 b6 10. Ne5 Bb7 11. Qb3 Bxc3 12. bxc3 Bd5 13. Ba3 Re8 14. Bxd5 Qxd5
15. c4 Qb7 16. f4 Nc6 17. Bb2 Rac8 18. Qg3 Ne4 19. Qd3 Nd6 20. d5 Nxe5 21. Bxe5
Nxc4 22. d6 Qd7 23. Qg3 f6 24. Bxf6 Nxd6 25. Rad1 Qf7 26. Qxg7+ Qxg7 27. Bxg7
Kxg7 28. Rxd6 Re7 29. Re1 Kf7 30. Re2 Rc4 31. g3 Rb4 32. Kf2 a5 33. Kf3 b5 34.
Rb6 a4 35. Re5 Rb2 36. Rexb5 Rxh2 37. Ra5 Rxa2 38. Rba6 a3 39. Rxa3 1/2-1/2